Capitali del mondo che iniziano con la L - Statistics

Statistiche generali
  • Questo quiz è stato fatto 816 volte
  • Il punteggio medio è 9 su 13
Statistiche sulle risposte
Risposte % Corretto
Lima
85%
Lisbona
84%
Londra
83%
Lubiana
80%
Lussemburgo
78%
Luanda
72%
La Valletta
65%
Lusaka
65%
Lomé
62%
La Paz
58%
L'Avana
58%
Libreville
55%
Lilongwe
55%
Nessun quiz corrispondente trovato
Distribuzione punteggi
Percentuale di utenti per punteggio
Percentile per numero di risposta
I tuoi punteggi nel tempo
Non hai fatto questo quiz